00613nam a2200181Ia 4500008004100000020001800041041000800059082001700067100002400084245003500108260003400143300000900177500003400186650002300220700002400243999001700267952014700284230125s9999 xx 000 0 und d a81-7418-156-3 aeng a891.463bDES aDeshpande A9107363 aFeng-shui 99 Prashna va Uttare c2001bIndrayani SahityaaPune a136p aLiterature;Marathi Literature aMarathi Literature aDeshpande A9107363 c91751d91751 00104070aHIMRbHIMRd2006-12-20eSatya Gilanil1o891.463 DES DB1162pHIMR-DB-1162r2023-06-01 00:00:00s2023-05-30w2006-12-20yDBzDB1162